| 000 | 00522nam a2200181Ia 4500 | ||
|---|---|---|---|
| 008 | 151018s9999 xx 000 0 und d | ||
| 082 |
_bRBASDV52391 _a891.464 |
||
| 100 | _aजयंत रानडे | ||
| 245 | _aचरस | ||
| 250 | _b1 | ||
| 260 |
_b"अभिनंदन प्रकाशन, कोल्हापूर " _c2010 |
||
| 300 | _a176 | ||
| 600 | _aजयंत रानडे | ||
| 630 | _aचरस | ||
| 700 | _aजयंत रानडे | ||
| 730 | _aचरस | ||
| 942 | _cBOOK | ||
| 999 |
_c1050980 _d1050977 |
||